000 02223nam a2200469 c 4500
003 BLK
005 20220725115514.0
008 180410b bul|||||r ||||||| ||bul||
010 _aKNG00168523000
020 _a978-954-378-104-1
_bиздат.: Тангра ТанНакРа
040 _aBLK
041 _aBUL
_cBUL
072 7 _2bullib
_aН32
_xПолитика Н
080 _aНационални малцинства. Оптанти
_b323.15
_x(477=867)
_z323.15(477=867)
080 _aНационални малцинства. Оптанти
_b323.15
_x(478.9=867)
_z323.15(478.9=867)
080 _aНрави и обичаи в частния живот. Обреди при раждане, кръщене, пълнолетие, жертвопринасяне, сватба, семеен живот, брак, любов, дружба, гостоприемство, осиновяване и др.
_b392
_x(=867)
_z392(=867)
100 1 _aПопова, Илонка Желязкова
_eпърви автор
_9380910
139 _aПопова, Илонка Желязкова
_bП 76
245 1 0 _aБесарабските българи през втората половина на XX век
_cИлонка Желязкова Попова.
257 _aBGR
260 София
_bТангра ТанНакРа
_c2013
_fСофия : Дайрект сървисиз
300 _a152 с.
_bс ил., портр.
_c23 см
380 _a3
500 _aСъдържа и за авт. - Библиогр. с. 150-151 и под линия.
650 4 _aБесарабски българи - история
_9245369
650 4 _aБесарабски българи - Молдова
_9291905
651 4 _aУкрайна
_9179705
651 4 _aМолдова
_9179229
653 _aбесарабски българи
653 _aУкрайна
653 _aМолдова
653 _aистория
653 _aсемейни отношения
653 _aтруд
653 _aобичаи
659 _aН
852 _aЦб 271825
856 4 _qpdf
_u
856 4 _qpdf
_u
942 _cKNG
_n0
_03
944 _aCR
_c10.12.2014
_lф /
_kВиолета_Тройчева
944 _aED
_c24.06.2015
_lф /
_kЛюдмила_Стоянова
999 _c161217
_d161217